000 00528nam a2200169 i 4500
001 bg
100 1 _aDZIEDZICZAK, Ignacy
245 0 _aOrganizacja bazy danych księgowych :
_bzałożenia teoretyczne struktur logicznych /
_cIgnacy Dziedziczak.
260 _aSzczecin,
_c1981.
490 1 _aPrace Naukowe Politechniki Szczecińskiej ;
_vnr 159
830 _aPrace Naukowe Politechniki Szczecińskiej ;
040 _cBPK
041 _apol
080 _a657:519.68
942 _cKS
008 s pl f |000 0 pol
999 _c20325
_d20325
856 _uhttp://koha.tu.koszalin.pl/cgi-bin/koha/opac-detail.pl?biblionumber=20325
_yKatalog online BPK